[Event "GER CupT 1718 prel2"]
[Site "Oranienburg"]
[Date "2018.01.13"]
[Round "1.1"]
[White "Wunsch, Axel"]
[Black "Richter, Leonard"]
[Result "0-1"]
[WhiteElo "2133"]
[BlackElo "2264"]
[PlyCount "54"]
[EventDate "2018.01.13"]
[EventType "team-k.o."]
[EventRounds "2"]
[EventCountry "GER"]
[SourceTitle "EXT 2019"]
[Source "ChessBase"]
[SourceDate "2018.10.10"]
[SourceVersion "1"]
[SourceVersionDate "2018.10.10"]
[SourceQuality "1"]
[WhiteTeam "Oranienburg"]
[BlackTeam "Leipzig SG"]
[WhiteTeamCountry "GER"]
[BlackTeamCountry "GER"]

1. d4 Nf6 2. Nf3 g6 3. Bf4 Bg7 4. Nc3 c5 5. e4 Qa5 6. Qd2 cxd4 7. Nb5 Qxd2+ 8. Nxd2 Na6 9. 0-0-0 Nh5 10. Bg3 Nxg3 11. hxg3 0-0 12. f4 d6 13. Nf3 Nc5 14. Re1 Bd7 15. Nbxd4 Rac8 16. Kb1 Bc6 17. e5 Rfd8 18. e6 f5 19. Bd3 Be4 20. Re3 Bxd4 21. Nxd4 Nxd3 22. cxd3 Bxg2 23. Rh2 Bd5 24. g4 fxg4 25. f5 Rf8 26. Rf2 Rf6 27. b4 Rcf8 0-1

[Event "Oberliga Nord O 1617"]
[Site "Germany"]
[Date "2017.03.19"]
[Round "7.3"]
[White "Wunsch, Axel"]
[Black "Horn, Sven"]
[Result "1-0"]
[WhiteElo "2143"]
[BlackElo "2145"]
[PlyCount "73"]
[EventDate "2016.10.16"]
[EventType "team-tourn"]
[EventRounds "9"]
[EventCountry "GER"]
[SourceTitle "EXT 2018"]
[Source "ChessBase"]
[SourceDate "2017.10.13"]
[SourceVersion "1"]
[SourceVersionDate "2017.10.13"]
[SourceQuality "1"]
[WhiteTeam "Oranienburg"]
[BlackTeam "Oberschoeneweide"]
[WhiteTeamCountry "GER"]
[BlackTeamCountry "GER"]

1. d4 Nf6 2. Nf3 g6 3. Bf4 Bg7 4. e3 0-0 5. Bd3 d6 6. c4 c5 7. 0-0 Nc6 8. Nc3 Nh5 9. d5 Nxf4 10. exf4 Nd4 11. Nxd4 Bxd4 12. Qc2 a6 13. Rae1 Bd7 14. f5 Kg7 15. Ne2 Bf6 16. f4 b5 17. g4 bxc4 18. Bxc4 Kg8 19. Ng3 Ra7 20. Kh1 Qb6 21. Re2 Bb5 22. g5 Bxc4 23. Qxc4 Bd4 24. Rfe1 Re8 25. f6 e5 26. fxe5 dxe5 27. Ne4 Rd8 28. Kg2 Qb7 29. Nxc5 Qc8 30. h3 Rc7 31. b4 Qf5 32. Qxd4 Qxg5+ 33. Qg4 Qxf6 34. Rxe5 Qb6 35. Re8+ Rxe8 36. Rxe8+ Kg7 37. Qd4+ 1-0

[Event "Oberliga Nord O 1617"]
[Site "Germany"]
[Date "2016.12.04"]
[Round "3.3"]
[White "Wunsch, Axel"]
[Black "Hein, Carsten"]
[Result "1-0"]
[WhiteElo "2143"]
[BlackElo "2219"]
[PlyCount "139"]
[EventDate "2016.10.16"]
[EventType "team-tourn"]
[EventRounds "9"]
[EventCountry "GER"]
[SourceTitle "EXT 2018"]
[Source "ChessBase"]
[SourceDate "2017.10.13"]
[SourceVersion "1"]
[SourceVersionDate "2017.10.13"]
[SourceQuality "1"]
[WhiteTeam "Oranienburg"]
[BlackTeam "Potsdam Empor"]
[WhiteTeamCountry "GER"]
[BlackTeamCountry "GER"]

1. d4 Nf6 2. Nf3 g6 3. Bf4 Bg7 4. e3 d5 5. Bd3 0-0 6. Nbd2 c5 7. c3 Nc6 8. Ne5 cxd4 9. Nxc6 bxc6 10. cxd4 Qb6 11. Qc2 Nh5 12. Bg5 e5 13. dxe5 Bxe5 14. Rb1 Re8 15. 0-0 c5 16. b3 Bb7 17. Rbc1 Rac8 18. Rfd1 a6 19. Be2 Bf6 20. Bh6 Ng7 21. Bg4 Ne6 22. Nf3 c4 23. Bxe6 Qxe6 24. h3 a5 25. Qb1 Qa6 26. Nd4 Rc5 27. b4 axb4 28. Qxb4 Ra5 29. Rb1 Ba8 30. Qb8 Qc8 31. Qf4 Be5 32. Qh4 Rxa2 33. Nf3 Bh8 34. Bf4 f6 35. Rb8 Qxb8 36. Bxb8 Rxb8 37. Qf4 Rab2 38. Qd6 Bg7 39. Nd4 R2b6 40. Qd7 f5 41. h4 Bf6 42. h5 Rd8 43. Qc7 Rbd6 44. Rb1 R6d7 45. Qg3 Kf7 46. Rb8 Rxb8 47. Qxb8 Bb7 48. Kf1 Bxd4 49. exd4 gxh5 50. Qe5 Re7 51. Qxf5+ Kg7 52. Qg5+ Kf7 53. Qxh5+ Kg7 54. f4 c3 55. Qg5+ Kf7 56. Kf2 Re4 57. Qf5+ Ke8 58. Qh5+ Kd8 59. Qh4+ Ke8 60. Qxh7 c2 61. Qh5+ Ke7 62. Qg5+ Kd6 63. f5 Rxd4 64. f6 Ke6 65. g4 Rc4 66. Qf5+ Kf7 67. g5 c1Q 68. g6+ Kf8 69. g7+ Kf7 70. g8Q+ 1-0

[Event "Oberliga Nord O 1617"]
[Site "Germany"]
[Date "2016.11.20"]
[Round "2.3"]
[White "Meissner, Hans Juergen"]
[Black "Wunsch, Axel"]
[Result "1-0"]
[WhiteElo "2279"]
[BlackElo "2143"]
[PlyCount "51"]
[EventDate "2016.10.16"]
[EventType "team-tourn"]
[EventRounds "9"]
[EventCountry "GER"]
[SourceTitle "EXT 2018"]
[Source "ChessBase"]
[SourceDate "2017.10.13"]
[SourceVersion "1"]
[SourceVersionDate "2017.10.13"]
[SourceQuality "1"]
[WhiteTeam "Berlin Empor"]
[BlackTeam "Oranienburg"]
[WhiteTeamCountry "GER"]
[BlackTeamCountry "GER"]

1. d4 d6 2. Nf3 Nf6 3. c4 g6 4. Nc3 Bg7 5. e4 0-0 6. Be2 Na6 7. 0-0 c5 8. d5 Nc7 9. Bf4 a6 10. a4 Bg4 11. h3 Bxf3 12. Bxf3 Nd7 13. Be3 Rb8 14. Be2 b5 15. axb5 axb5 16. cxb5 Nb6 17. Qd2 Qd7 18. Rfd1 Rfd8 19. Ra7 Ra8 20. Rda1 Rxa7 21. Rxa7 Qc8 22. Qd1 Qb8 23. Ra5 e6 24. dxe6 fxe6 25. Bf1 Qb7 26. Bxc5 1-0

[Event "GER CupT prel1"]
[Site "Oranienburg"]
[Date "2016.01.23"]
[Round "1.2"]
[White "Wunsch, Axel"]
[Black "Siedentopf, Daniel"]
[Result "1/2-1/2"]
[WhiteElo "2096"]
[BlackElo "2263"]
[PlyCount "121"]
[EventDate "2016.01.23"]
[EventType "team-k.o."]
[EventRounds "2"]
[EventCountry "GER"]
[SourceTitle "EXT 2017"]
[Source "ChessBase"]
[SourceDate "2016.10.25"]
[SourceVersion "1"]
[SourceVersionDate "2016.10.25"]
[SourceQuality "1"]
[WhiteTeam "Oranienburg"]
[BlackTeam "Dresden Gruen Weiss"]
[WhiteTeamCountry "GER"]
[BlackTeamCountry "GER"]

1. d4 f5 2. g3 Nf6 3. Bg2 g6 4. c4 Bg7 5. Nc3 d6 6. Nh3 0-0 7. 0-0 c6 8. b3 Qa5 9. Bb2 e5 10. dxe5 dxe5 11. Qc2 Na6 12. Rad1 Nc5 13. Qc1 Ne6 14. b4 Qxb4 15. Ba3 Qxc4 16. Bxf8 Bxf8 17. Qb2 Qb4 18. Qa1 Nd4 19. Rd2 Qa5 20. e3 Bb4 21. Rc1 Nb5 22. Nxb5 Bxd2 23. Rd1 Ng4 24. Nd6 Be6 25. Ng5 Bd5 26. Nxb7 Qc3 27. Qxc3 Bxc3 28. Bxd5+ cxd5 29. Rxd5 Be1 30. Nh3 Rb8 31. Rd7 Rc8 32. Rd1 Bb4 33. Rd8+ Rxd8 34. Nxd8 a5 35. Nc6 Bc3 36. Ng5 h6 37. Nf3 e4 38. Nh4 Kf7 39. h3 Ne5 40. Nxe5+ Bxe5 41. Kf1 Kf6 42. Ke2 g5 43. Ng2 Ke6 44. g4 fxg4 45. hxg4 Kd5 46. f3 exf3+ 47. Kxf3 Bc3 48. e4+ Kd4 49. Ne3 Kd3 50. Nf5 a4 51. Nxh6 Kc2 52. Ke2 a3 53. Nf7 Kb2 54. Kd3 Kxa2 55. Kc2 Bf6 56. e5 Be7 57. Nd6 Ka1 58. Nf5 Bc5 59. e6 Bb4 60. Ng3 Bc5 61. Nf5 1/2-1/2

[Event "Erfurt op MT 23rd"]
[Site "Erfurt"]
[Date "2013.12.27"]
[Round "3"]
[White "Meister, Jakob"]
[Black "Wunsch, Axel"]
[Result "1-0"]
[WhiteElo "2492"]
[BlackElo "2141"]
[PlyCount "85"]
[EventDate "2013.12.26"]
[EventType "swiss"]
[EventRounds "8"]
[EventCountry "GER"]
[SourceTitle "EXT 2016"]
[Source "ChessBase"]
[SourceDate "2015.10.08"]
[SourceVersion "1"]
[SourceVersionDate "2015.10.08"]
[SourceQuality "1"]

1. Nf3 c5 2. e4 e6 3. c3 Nf6 4. d3 d5 5. Nbd2 Nc6 6. Be2 Be7 7. a3 0-0 8. 0-0 b5 9. b4 cxb4 10. cxb4 a5 11. bxa5 Rxa5 12. e5 Nd7 13. d4 b4 14. Nb3 Ra7 15. a4 Ba6 16. Re1 Nb6 17. Qc2 Bxe2 18. Rxe2 Nc4 19. Nfd2 N6a5 20. Nxa5 Nxa5 21. Re3 Rc7 22. Qb1 Rc3 23. Nf3 Qc7 24. Rxc3 bxc3 25. Qc2 Rb8 26. h3 Rb3 27. Ra2 Qc4 28. Be3 Ba3 29. Ng5 g6 30. Qd1 Qb4 31. Qf3 Qe7 32. Qf4 Nc6 33. Qh4 h5 34. g4 Bc1 35. Bxc1 Rb1 36. gxh5 Nxd4 37. Kg2 Rxc1 38. a5 c2 39. Qf4 Rb1 40. Rxc2 Nxc2 41. h6 Nd4 42. h7+ Kg7 43. h8Q+ 1-0

[Event "NRW Class1 1112"]
[Site "Germany"]
[Date "2012.03.04"]
[Round "7.6"]
[White "Wunsch, Axel"]
[Black "Wittenberg, Andreas"]
[Result "1-0"]
[WhiteElo "2080"]
[BlackElo "2112"]
[PlyCount "71"]
[EventDate "2011.09.18"]
[EventType "team-tourn"]
[EventRounds "9"]
[EventCountry "GER"]
[SourceTitle "EXT 2015"]
[Source "ChessBase"]
[SourceDate "2014.11.20"]
[SourceVersion "1"]
[SourceVersionDate "2014.11.20"]
[SourceQuality "1"]
[WhiteTeam "Elberfeld"]
[BlackTeam "Muelheim Nord II"]
[WhiteTeamCountry "GER"]
[BlackTeamCountry "GER"]

1. b3 d5 2. Bb2 Nf6 3. e3 Bf5 4. f4 e6 5. Nf3 Be7 6. Be2 0-0 7. 0-0 c5 8. Nh4 Nc6 9. Nxf5 exf5 10. Bf3 Qd7 11. Qe1 Rfe8 12. Qg3 g6 13. d3 Rad8 14. Nd2 Nb4 15. Rfc1 Qe6 16. Nf1 Bf8 17. a3 Nc6 18. Re1 Bg7 19. Rab1 Qd7 20. Nd2 Re6 21. h3 Rde8 22. Qf2 b5 23. g4 d4 24. e4 fxe4 25. Nxe4 Nxe4 26. Bxe4 a5 27. Re2 R6e7 28. Qf3 Nd8 29. Rbe1 Kh8 30. Bc1 Bh6 31. g5 Bg7 32. f5 Be5 33. f6 Re6 34. Bd5 Bd6 35. Bxe6 Nxe6 36. Rxe6 1-0

[Event "NRW Class1 1112"]
[Site "Germany"]
[Date "2011.09.18"]
[Round "1.6"]
[White "Partenheimer, Axel"]
[Black "Wunsch, Axel"]
[Result "1-0"]
[WhiteElo "2150"]
[BlackElo "2080"]
[PlyCount "111"]
[EventDate "2011.09.18"]
[EventType "team-tourn"]
[EventRounds "9"]
[EventCountry "GER"]
[SourceTitle "EXT 2015"]
[Source "ChessBase"]
[SourceDate "2014.11.20"]
[SourceVersion "1"]
[SourceVersionDate "2014.11.20"]
[SourceQuality "1"]
[WhiteTeam "Duesseldorf"]
[BlackTeam "Elberfeld"]
[WhiteTeamCountry "GER"]
[BlackTeamCountry "GER"]

1. Nf3 c5 2. c4 Nf6 3. Nc3 e6 4. g3 b6 5. Bg2 Bb7 6. 0-0 Be7 7. d4 cxd4 8. Qxd4 d6 9. Bg5 a6 10. Bxf6 Bxf6 11. Qf4 Ra7 12. Rfd1 Be7 13. Ne4 Bxe4 14. Qxe4 0-0 15. Nd4 Rc7 16. b3 Rc5 17. a4 Qc7 18. Rd2 Rd8 19. Qd3 Nd7 20. e3 h5 21. Rad1 h4 22. Qe4 hxg3 23. hxg3 d5 24. cxd5 Nf6 25. d6 Qxd6 26. Qb7 Nd5 27. Nf5 exf5 28. Rxd5 Rxd5 29. Rxd5 Qf6 30. Rxd8+ Bxd8 31. Qxa6 g6 32. Bd5 Kg7 33. Qc4 Qe7 34. Qc6 Bc7 35. Kg2 Qd6 36. Qc4 Qe7 37. Kf1 Bd6 38. Ke2 Qf6 39. Qd3 Bc5 40. Bc4 Qb2+ 41. Kf1 Qe5 42. Qd7 Qf6 43. Qd5 Bb4 44. Kg2 Bc3 45. Kf3 Bb4 46. Qb5 Qd6 47. Qe8 Qf6 48. Qd7 Bc3 49. Ke2 Ba5 50. Qb5 Qd6 51. Bd5 Qe5 52. Qc4 Qb2+ 53. Kf1 Qb1+ 54. Kg2 f6 55. Qc7+ Kh6 56. Qd8 1-0

[Event "NRW Class2 1011"]
[Site "Germany"]
[Date "2010.09.26"]
[Round "1.4"]
[White "Davenport, Darcy"]
[Black "Wunsch, Axel"]
[Result "1-0"]
[WhiteElo "2136"]
[BlackElo "2122"]
[PlyCount "93"]
[EventDate "2010.09.26"]
[EventType "team-tourn"]
[EventRounds "9"]
[EventCountry "GER"]
[SourceTitle "EXT 2012"]
[Source "ChessBase"]
[SourceDate "2011.11.24"]
[SourceVersion "1"]
[SourceVersionDate "2011.11.24"]
[SourceQuality "1"]
[WhiteTeam "Muenster II"]
[BlackTeam "Elberfeld"]
[WhiteTeamCountry "GER"]
[BlackTeamCountry "GER"]

1. Nf3 Nf6 2. c4 g6 3. g3 Bg7 4. Bg2 0-0 5. 0-0 c5 6. d4 cxd4 7. Nxd4 Nc6 8. Nc3 Qb6 9. Nc2 d6 10. b3 Be6 11. Qd2 Rac8 12. Bb2 Rfe8 13. Rab1 Qa5 14. Rfd1 Qh5 15. f3 Bh6 16. Qe1 a6 17. a4 Bh3 18. Nd5 Bxg2 19. Kxg2 Qf5 20. e4 Qe6 21. Nce3 Ne5 22. Nxf6+ exf6 23. Nd5 b5 24. f4 Nd7 25. axb5 axb5 26. Rbc1 bxc4 27. bxc4 Bg7 28. f5 Qxe4+ 29. Qxe4 Rxe4 30. Re1 Rce8 31. Rxe4 Rxe4 32. Kf3 Re8 33. Bd4 Ne5+ 34. Bxe5 fxe5 35. f6 Bf8 36. Ke4 h5 37. Ra1 Rc8 38. Ne7+ Bxe7 39. fxe7 Re8 40. Ra7 f5+ 41. Kd5 Kf7 42. Kxd6 e4 43. c5 g5 44. c6 Kf6 45. c7 f4 46. gxf4 gxf4 47. Ra4 1-0

[Event "NRW Class1 0910"]
[Site "Germany"]
[Date "2009.10.25"]
[Round "2.5"]
[White "Guddat, Joachim"]
[Black "Wunsch, Axel"]
[Result "1/2-1/2"]
[WhiteElo "2153"]
[BlackElo "2115"]
[PlyCount "32"]
[EventDate "2009.09.20"]
[EventType "team-tourn"]
[EventRounds "9"]
[EventCountry "GER"]
[SourceTitle "EXT 2011"]
[Source "ChessBase"]
[SourceDate "2010.11.26"]
[SourceVersion "1"]
[SourceVersionDate "2010.11.26"]
[SourceQuality "1"]
[WhiteTeam "Krefeld Turm"]
[BlackTeam "Elberfeld"]
[WhiteTeamCountry "GER"]
[BlackTeamCountry "GER"]

1. d4 d6 2. Nf3 g6 3. e4 Nf6 4. Nbd2 Bg7 5. Be2 0-0 6. 0-0 Nbd7 7. e5 Nd5 8. Nc4 N7b6 9. Nxb6 Nxb6 10. Bf4 Bf5 11. c3 Rc8 12. Qd2 f6 13. exf6 exf6 14. Bh6 Re8 15. Bxg7 Kxg7 16. Rfe1 Qd7 1/2-1/2

[Event "Oberliga NRW 0809"]
[Site "Germany"]
[Date "2009.01.04"]
[Round "5.5"]
[White "Wunsch, Axel"]
[Black "Rosen, Bernd"]
[Result "0-1"]
[WhiteElo "2110"]
[BlackElo "2333"]
[PlyCount "56"]
[EventDate "2008.09.21"]
[EventType "team-tourn"]
[EventRounds "9"]
[EventCountry "GER"]
[SourceTitle "EXT 2010"]
[Source "ChessBase"]
[SourceDate "2010.11.25"]
[SourceVersion "1"]
[SourceVersionDate "2010.11.25"]
[SourceQuality "1"]
[WhiteTeam "Elberfeld"]
[BlackTeam "Katernberg II"]
[WhiteTeamCountry "GER"]
[BlackTeamCountry "GER"]

1. Nf3 c5 2. d4 cxd4 3. Nxd4 Nf6 4. g3 e5 5. Nf3 Bc5 6. Bg2 Nc6 7. Nc3 e4 8. Ng5 d5 9. 0-0 Bf5 10. Na4 Be7 11. f3 e3 12. a3 Qd7 13. c4 d4 14. f4 h6 15. Nf3 Ng4 16. b4 Nf2 17. Qb3 Rd8 18. Bb2 b6 19. Rac1 Bh3 20. Qa2 Bxg2 21. Rxf2 exf2+ 22. Kxg2 Bf6 23. Rd1 0-0 24. e4 Rfe8 25. e5 Bxe5 26. b5 Bf6 27. bxc6 Qxc6 28. Qb3 Re3 0-1

[Event "Oberliga NRW 0809"]
[Site "Germany"]
[Date "2008.10.12"]
[Round "2.4"]
[White "Wunsch, Axel"]
[Black "Rietveld, Renze"]
[Result "1/2-1/2"]
[WhiteElo "2110"]
[BlackElo "2168"]
[PlyCount "117"]
[EventDate "2008.09.21"]
[EventType "team-tourn"]
[EventRounds "9"]
[EventCountry "GER"]
[SourceTitle "EXT 2010"]
[Source "ChessBase"]
[SourceDate "2010.11.25"]
[SourceVersion "1"]
[SourceVersionDate "2010.11.25"]
[SourceQuality "1"]
[WhiteTeam "Elberfeld"]
[BlackTeam "Gescher"]
[WhiteTeamCountry "GER"]
[BlackTeamCountry "GER"]

1. Nf3 Nf6 2. g3 c5 3. Bg2 Nc6 4. d3 g6 5. 0-0 Bg7 6. Nbd2 0-0 7. c3 b6 8. Qc2 Bb7 9. e4 d5 10. Re1 d4 11. c4 e5 12. a3 a5 13. Nf1 Qd6 14. Ng5 h6 15. Nh3 Nh5 16. f4 exf4 17. gxf4 Rae8 18. Qf2 Qd7 19. Ng3 Nf6 20. f5 Ne5 21. Qe2 b5 22. b3 a4 23. cxb5 Qxb5 24. b4 cxb4 25. axb4 Qxd3 26. Rxa4 Qxe2 27. Rxe2 Ra8 28. Ra5 Rxa5 29. bxa5 Rc8 30. Bf4 Nfd7 31. Rb2 Ba6 32. Bf1 Bxf1 33. Kxf1 Nc4 34. Rb7 Nc5 35. Rc7 Rxc7 36. Bxc7 Be5 37. Bxe5 Nxe5 38. fxg6 fxg6 39. Nf4 Kf7 40. Ke2 d3+ 41. Kd1 g5 42. Nd5 Nc4 43. Nf5 Nxe4 44. Nde3 Nxa5 45. Nxh6+ Ke6 46. Nhg4 Kd6 47. h4 gxh4 48. Nf5+ Kc5 49. Nxh4 Nc4 50. Nf3 Kd5 51. Ke1 Na3 52. Nf2 Nc2+ 53. Kf1 Nxf2 54. Kxf2 Ke4 55. Nd2+ Kd4 56. Kf3 Kc3 57. Ne4+ Kb2 58. Nf2 d2 59. Ke2 1/2-1/2

[Event "Oberliga NRW 9900 II"]
[Site "Germany"]
[Date "2000.03.01"]
[Round "6.8"]
[White "Blasek, Ralph"]
[Black "Wunsch, Axel"]
[Result "1-0"]
[WhiteElo "2315"]
[BlackElo "2140"]
[PlyCount "71"]
[EventDate "1999.10.26"]
[EventType "team"]
[EventRounds "9"]
[EventCountry "GER"]
[SourceTitle "EXT 2001"]
[Source "ChessBase"]
[SourceDate "2000.11.22"]
[SourceVersion "1"]
[SourceVersionDate "2000.11.22"]
[SourceQuality "1"]
[WhiteTeam "Solingen II"]
[BlackTeam "Elberfeld"]
[WhiteTeamCountry "GER"]
[BlackTeamCountry "GER"]

1. e4 g6 2. d4 d6 3. Nc3 Nf6 4. h4 Bg7 5. Nh3 c5 6. dxc5 Qa5 7. Bd3 Qxc5 8. Nf4 Ng4 9. 0-0 Nc6 10. Ncd5 0-0 11. c3 a5 12. h5 Re8 13. Be2 Nce5 14. b4 axb4 15. cxb4 Qc6 16. Bb2 Bd7 17. b5 Qc5 18. Rc1 Qa7 19. hxg6 hxg6 20. Bd4 Qa4 21. Nb6 Nxf2 22. Bxf2 Qxe4 23. Nfd5 Rxa2 24. Nc3 Rxe2 25. Qxe2 Qxe2 26. Nxe2 Bxb5 27. Rc2 e6 28. Rd1 d5 29. Bd4 Bxe2 30. Rxe2 Nc4 31. Nxd5 Rd8 32. Ne7+ Kh7 33. Re4 g5 34. Rd3 f5 35. Rh3+ Bh6 36. Rxe6 1-0

[Event "Oberliga NRW 9900 II"]
[Site "Germany"]
[Date "2000.01.19"]
[Round "4.8"]
[White "Raider, Dirk"]
[Black "Wunsch, Axel"]
[Result "0-1"]
[WhiteElo "1751"]
[BlackElo "2140"]
[PlyCount "86"]
[EventDate "1999.10.26"]
[EventType "team"]
[EventRounds "9"]
[EventCountry "GER"]
[SourceTitle "EXT 2001"]
[Source "ChessBase"]
[SourceDate "2000.11.22"]
[SourceVersion "1"]
[SourceVersionDate "2000.11.22"]
[SourceQuality "1"]
[WhiteTeam "Wuppertal"]
[BlackTeam "Elberfeld"]
[WhiteTeamCountry "GER"]
[BlackTeamCountry "GER"]

1. d4 d6 2. Bg5 Nf6 3. Bxf6 gxf6 4. e3 c6 5. Nd2 Rg8 6. Ngf3 Nd7 7. g3 f5 8. c3 Nf6 9. Bd3 Bg7 10. Qe2 d5 11. 0-0-0 Qd6 12. Nh4 Qe6 13. Bxf5 Qd6 14. Bxc8 Rxc8 15. e4 Qe6 16. e5 Nd7 17. f4 Qh6 18. Kb1 Bf8 19. Rde1 e6 20. Rhf1 Be7 21. Ndf3 a6 22. Ka1 c5 23. f5 cxd4 24. Nxd4 Bxh4 25. fxe6 fxe6 26. gxh4 Ke7 27. h5 Rgf8 28. a3 Rxf1 29. Rxf1 Rf8 30. Rxf8 Nxf8 31. Ka2 Qg5 32. c4 dxc4 33. Qxc4 Qxe5 34. Qb4+ Ke8 35. Qb6 Qd5+ 36. Ka1 Kf7 37. Qc7+ Nd7 38. Qf4+ Ke7 39. Qh4+ Kd6 40. h6 Kc7 41. Qg4 Nc5 42. Qg7+ Kb8 43. b4 Qxd4+ 0-1

[Event "Oberliga NRW 9899 II"]
[Site "Germany"]
[Date "1999.01.20"]
[Round "5.4"]
[White "Wunsch, Axel"]
[Black "Van de Mortel, Jan"]
[Result "1/2-1/2"]
[WhiteElo "2130"]
[BlackElo "2335"]
[PlyCount "108"]
[EventDate "1998.10.10"]
[EventType "team"]
[EventRounds "9"]
[EventCountry "GER"]
[SourceTitle "EXT 2000"]
[Source "ChessBase"]
[SourceDate "1999.11.16"]
[SourceVersion "1"]
[SourceVersionDate "1999.11.16"]
[SourceQuality "1"]
[WhiteTeam "Elberfeld"]
[BlackTeam "Neu Herne"]
[WhiteTeamCountry "GER"]
[BlackTeamCountry "GER"]

1. d4 Nf6 2. Bg5 Ne4 3. h4 d5 4. Nd2 Nxg5 5. hxg5 Bf5 6. e3 e6 7. g4 Bg6 8. f4 c5 9. c3 Qb6 10. Qb3 cxd4 11. cxd4 Qxb3 12. Nxb3 Bb4+ 13. Kf2 0-0 14. Rc1 Nd7 15. Nf3 Rfc8 16. Bb5 Nb6 17. a3 Bd6 18. Nc5 Rab8 19. Ne5 Bxe5 20. fxe5 Nc4 21. Bxc4 dxc4 22. a4 b5 23. a5 Rc6 24. Kf3 Rbc8 25. Rhd1 Kf8 26. e4 Ke7 27. Rc3 f6 28. gxf6+ gxf6 29. exf6+ Kxf6 30. Nd7+ Kg5 31. Ne5 R6c7 32. Ke3 b4 33. Rc2 c3 34. bxc3 Rxc3+ 35. Rxc3 bxc3 36. d5 c2 37. Rc1 exd5 38. exd5 Rc5 39. Kd4 Rxa5 40. Nxg6 hxg6 41. Ke5 Rc5 42. Kd4 Rc8 43. Ke5 Re8+ 44. Kd4 Rc8 45. Ke5 Re8+ 46. Kd4 Re2 47. d6 Kxg4 48. Kd5 Kf3 49. d7 a5 50. Kd6 Ke3 51. Ke7 Kd2+ 52. Kf7 Kxc1 53. d8Q a4 54. Qd3 Rf2+ 1/2-1/2

[Event "Oberliga NRW 9899 II"]
[Site "Germany"]
[Date "1998.??.??"]
[Round "2.5"]
[White "Wunsch, Axel"]
[Black "Adamski, Andrzej"]
[Result "0-1"]
[WhiteElo "2130"]
[BlackElo "2335"]
[PlyCount "150"]
[EventDate "1998.10.10"]
[EventType "team"]
[EventRounds "9"]
[EventCountry "GER"]
[SourceTitle "EXT 2000"]
[Source "ChessBase"]
[SourceDate "1999.11.16"]
[SourceVersion "1"]
[SourceVersionDate "1999.11.16"]
[SourceQuality "1"]
[WhiteTeam "Elberfeld"]
[BlackTeam "Letmathe"]
[WhiteTeamCountry "GER"]
[BlackTeamCountry "GER"]

1. d4 d6 2. e4 g6 3. Nc3 Bg7 4. Be3 c6 5. Qd2 b5 6. f3 a6 7. Nge2 h5 8. Nc1 Nd7 9. a4 b4 10. N3a2 a5 11. c3 bxc3 12. Nxc3 Ngf6 13. Bc4 0-0 14. Nd3 d5 15. exd5 Nb6 16. Ba2 cxd5 17. Ne5 Ba6 18. b3 Qe8 19. Kf2 Nfd7 20. Rhe1 Nxe5 21. dxe5 Qb8 22. Bd4 e6 23. Qe3 Nd7 24. Rac1 Rc8 25. Kg1 Bf8 26. Nxd5 exd5 27. Rxc8 Qxc8 28. e6 Bd6 29. exf7+ Kh7 30. Rc1 Qf8 31. Rc6 Bb4 32. Qe6 Bd3 33. Qxd7 Bf5 34. Qc7 Rc8 35. Qb7 Rxc6 36. Qxc6 Qxf7 37. Qc1 Qe7 38. Bb1 Bxb1 39. Qxb1 Qe2 40. Kh1 Be1 41. Bg1 Bf2 42. Bxf2 Qxf2 43. Qd1 d4 44. h3 Qe3 45. g3 d3 46. Kg2 Kg8 47. Kf1 Kg7 48. h4 Kh7 49. Kg2 d2 50. Kf1 Qd3+ 51. Kf2 Kg8 52. Kg2 Kf7 53. Kf2 Kf8 54. g4 Kf7 55. gxh5 gxh5 56. f4 Kf6 57. Qa1+ Kf7 58. Qd1 Kf8 59. f5 Kg7 60. Qg1+ Kh8 61. Qd1 Kg7 62. Qg1+ Kf7 63. Qg6+ Kf8 64. Qf6+ Ke8 65. Qe6+ Kd8 66. Qb6+ Kd7 67. Qb7+ Kd6 68. Qb6+ Ke5 69. Qxa5+ Kf6 70. Qb6+ Kxf5 71. Qc5+ Kg4 72. Qg5+ Kh3 73. Qg2+ Kxh4 74. Qh1+ Kg5 75. Qd1 Kf4 0-1

[Event "Oberliga NRW 9798 I"]
[Site "Germany"]
[Date "1998.??.??"]
[Round "5.6"]
[White "Wunsch, Axel"]
[Black "Lamby, Philipp"]
[Result "1-0"]
[WhiteElo "2115"]
[BlackElo "2156"]
[PlyCount "59"]
[EventDate "1997.10.??"]
[EventType "team"]
[EventRounds "9"]
[EventCountry "GER"]
[SourceTitle "EXT 1999"]
[Source "ChessBase"]
[SourceDate "1998.11.16"]
[SourceVersion "1"]
[SourceVersionDate "1998.11.16"]
[SourceQuality "1"]
[WhiteTeam "Elberfeld"]
[BlackTeam "Palenberg"]
[WhiteTeamCountry "GER"]
[BlackTeamCountry "GER"]

1. Nf3 d5 2. d4 c5 3. g3 cxd4 4. Nxd4 e5 5. Nb3 Nc6 6. Bg2 Be6 7. 0-0 a5 8. a4 Bb4 9. c3 Be7 10. Be3 Nf6 11. Nc5 Ng4 12. Nxe6 fxe6 13. Bc1 Bc5 14. Bh3 Nxf2 15. Rxf2 Bxf2+ 16. Kxf2 0-0+ 17. Kg2 Qf6 18. Qe1 Rf7 19. Be3 d4 20. Bg1 Rd8 21. Kh1 Ne7 22. cxd4 exd4 23. Nd2 Nd5 24. Nf3 e5 25. Qxa5 d3 26. Bg2 e4 27. Bd4 Qe7 28. Ne5 Rff8 29. exd3 b6 30. Qb5 1-0

[Event "Oberliga NRW 9798 I"]
[Site "Germany"]
[Date "1998.??.??"]
[Round "9.6"]
[White "Wunsch, Axel"]
[Black "Wagner, Alexej"]
[Result "1/2-1/2"]
[WhiteElo "2115"]
[BlackElo "2200"]
[PlyCount "103"]
[EventDate "1997.10.??"]
[EventType "team"]
[EventRounds "9"]
[EventCountry "GER"]
[SourceTitle "EXT 1999"]
[Source "ChessBase"]
[SourceDate "1998.11.16"]
[SourceVersion "1"]
[SourceVersionDate "1998.11.16"]
[SourceQuality "1"]
[WhiteTeam "Elberfeld"]
[BlackTeam "Lippstadt Turm"]
[WhiteTeamCountry "GER"]
[BlackTeamCountry "GER"]

1. Nf3 Nf6 2. g3 d5 3. Bg2 e6 4. 0-0 Be7 5. c4 0-0 6. b3 c5 7. Bb2 Nc6 8. cxd5 Nxd5 9. Na3 b6 10. Nc4 Bb7 11. Rc1 Bf6 12. d4 cxd4 13. Nxd4 Nxd4 14. Bxd4 Qe7 15. e4 Nb4 16. e5 Bg5 17. Bxb7 Qxb7 18. Nd6 Qd7 19. Rc4 Nd5 20. Qg4 Be7 21. Rfc1 f5 22. Qe2 Bxd6 23. exd6 Qxd6 24. Be5 Qd8 25. Rc6 Re8 26. Rd6 Qe7 27. Rcc6 Rac8 28. Qb5 Nf6 29. Rxe6 Qxe6 30. Rxe6 Rxe6 31. Bxf6 Rxf6 32. Kg2 Rf7 33. h4 g6 34. Qd5 Rcf8 35. Qe6 Kg7 36. Qe5+ Kg8 37. h5 gxh5 38. Qf4 Rf6 39. Qg5+ Rg6 40. Qxh5 Kg7 41. Qf3 Rf7 42. Qf4 Kf8 43. Qb8+ Kg7 44. Qe5+ Rgf6 45. Kf3 Rd7 46. Qe8 Rfd6 47. Qe5+ Kf7 48. Kg2 Rd5 49. Qe3 Re7 50. Qh6 Ke8 51. Qc6+ Red7 52. Qf6 1/2-1/2